| 000 | 00500pab a2200181 454500 | ||
|---|---|---|---|
| 008 | 180718b2002 xxu||||| |||| 00| 0 eng d | ||
| 100 | _aGupta, Nikhil Jaiprakash | ||
| 245 | _aEnvironmental protection and law: critical analysis of role of police | ||
| 260 | _c2002 | ||
| 300 | _ap.24-30. | ||
| 362 | _aJan-Mar | ||
| 650 | _aEnvironmental legislation | ||
| 650 | _aPolice | ||
| 650 | _aEnvironmental conservation | ||
| 700 | _aVagal, S.S. | ||
| 773 | _aIndian Police Journal | ||
| 909 | _a54963 | ||
| 999 |
_c54963 _d54963 |
||